Normal view
MARC view
- ديورانت، ول وايريل؛ تقديم:محي الدين صابر؛ ترجمة: زكي نجيب محمود
Entry Personal Name
001 - CONTROL NUMBER
- control field: 60410
003 - CONTROL NUMBER IDENTIFIER
- control field: JO-AjAnu
005 - DATE AND TIME OF LATEST TRANSACTION
- control field: 20230606083856.0
008 - FIXED-LENGTH DATA ELEMENTS
- fixed length control field: 230606|| aca||aabn | a|a d
040 ## - CATALOGING SOURCE
- Original cataloging agency: JO-AjAnu
- Transcribing agency: JO-AjAnu
100 ## - HEADING--PERSONAL NAME
- Personal name: ديورانت، ول وايريل؛ تقديم:محي الدين صابر؛ ترجمة: زكي نجيب محمود
670 ## - SOURCE DATA FOUND
- Source citation: Work cat.: (JO-AjAnu)30807: ديورانت، ول وايريل؛ تقديم:محي الدين صابر؛ ترجمة: زكي نجيب محمود, author, قصة الحضارة: نشاة الحضارة الشرق الادنى، ج1-2، مجلد1، الجزء الاول والثاني